01417nam a2200277 a 450000100100000000500170001000800410002702000150006804000250008308200260010810000480013424500680018226000370025030000200028758600360030759000260034365000400036965000310040991000410044095201330048195201330061495201330074795201180088095201240099899900170112200001212820240502105558.0091105s2002 dr 001 f spa d a9993432210 aDO-SdBNPbspacBNPHU aRD863.44bD542a, 20021 aDíaz Grullón, Virgilio,d1924-2001950114aLos algorrobos también sueñan /cVirgilio Díaz Grullón. aSanto Domingo :bCole,c[2002?]. a79 p. ;c22 cm. aPremio Nacional de Novela, 1977 aInventariado, 2020/YL 0aNovela histórica dominicana.9860 0aLiteratura dominicana.967 aValidado. Control de calidad MMOLINA 001054708DSaGRbGRcHDd2009-11-05iLF1l0oRD863.44 D542ap12128-30r2020-06-25te. 3w2020-06-25yLFDSZPréstamo en sala 001054708DSaGRbGRcHDd2009-11-05iLF1l0oRD863.44 D542ap12128-40r2020-06-25te. 4w2020-06-25yLFDSZPréstamo en sala 001154708DSaGRbGRcMId2009-11-05iLF1l0oRD863.44 D542ap12128-50r2020-06-25te. 5w2020-06-25yLFDSZPréstamo en sala 0010718PDaPDbPDcHDd2009-11-05iLF1l0oRD863.44 D542ap12128-10r2020-06-25w2020-06-25yLFPDZNo se presta 0010718PDaPDbPDcHDd2009-11-05iLF1l0oRD863.44 D542ap12128-20r2020-06-25te. 2w2020-06-25yLFPDZNo se presta c11793d11793